[Event "TCh-CRO Women"]
[Site "Sibenik CRO"]
[Date "2010.09.04"]
[Round "1"]
[White "Muzychuk,M"]
[Black "Voiska,M"]
[Result "1-0"]
[WhiteElo "2464"]
[BlackElo "2314"]
[EventDate "2010.09.04"]

1. e4 c5 2. Nf3 Nc6 3. Bb5 Nf6 4. Nc3 Qc7 5. O-O a6 6. Bxc6 dxc6 7. e5 Nd5
8. Ne4 Bg4 9. Nxc5 e6 10. Ne4 c5 11. d3 Be7 12. a3 Rd8 13. Bd2 O-O 14. c4
Nb6 15. Ba5 Qc6 16. Qb3 Bxf3 17. gxf3 Nd7 18. Bxd8 Bxd8 19. f4 f5 20. exf6
gxf6 21. f3 Bc7 22. Qc3 Bxf4 23. d4 cxd4 24. Qxd4 Be5 25. Qd2 Rf7 26. Kh1
f5 27. Rg1+ Rg7 28. Rxg7+ Bxg7 29. Rg1 Nf8 30. Qg5 Ng6 31. Qd8+ Bf8 32. Ng5
Kg7 33. Qc7+ Qxc7 34. Nxe6+ Kf7 35. Nxc7 Ne5 36. Rd1 Nxc4 37. Rd7+ Kf6 38.
Ne8+ Ke5 39. Rxb7 Kf4 40. Kg2 Bc5 41. Nc7 Ne3+ 42. Kf2 Nc2+ 43. Ke2 Nd4+
44. Kd3 1-0

[Event "TCh-CRO Women"]
[Site "Sibenik CRO"]
[Date "2010.09.04"]
[Round "1"]
[White "Macek,V"]
[Black "Medic,Mir"]
[Result "1/2-1/2"]
[WhiteElo "2213"]
[BlackElo "2264"]
[EventDate "2010.09.04"]

1. d4 e6 2. Nf3 f5 3. g3 Nf6 4. Bg2 d5 5. O-O c6 6. c4 Bd6 7. b3 O-O 8. Ba3
Bxa3 9. Nxa3 Qe7 10. Qc1 Nbd7 11. Qb2 Ne4 12. e3 b6 13. Rac1 Bb7 14. Rc2
Rac8 15. Rfc1 c5 16. Nb1 dxc4 17. bxc4 cxd4 18. exd4 Rc7 19. Qa3 Qf6 20.
Qe3 Rfc8 21. Nbd2 Nxd2 22. Nxd2 Bxg2 23. Kxg2 e5 24. d5 Nc5 25. f3 Nb7 26.
Nb3 1/2-1/2

[Event "TCh-CRO Women"]
[Site "Sibenik CRO"]
[Date "2010.09.04"]
[Round "1"]
[White "Solic,K"]
[Black "Purgar,I"]
[Result "1/2-1/2"]
[WhiteElo "2225"]
[BlackElo "2091"]
[EventDate "2010.09.04"]

1. Nf3 Nf6 2. c4 e6 3. d4 b6 4. Bf4 Bb7 5. e3 Be7 6. Nc3 O-O 7. Bd3 d5 8.
h3 a6 9. O-O Nbd7 10. a4 c5 11. Qe2 dxc4 12. Bxc4 cxd4 13. exd4 Re8 14. Ne5
Bb4 15. Bg5 Bxc3 16. bxc3 Qc8 17. Bd3 Nxe5 18. dxe5 Qc6 19. f3 Nd7 20. Be4
Qc7 21. Bxb7 Qxb7 22. Rfd1 Rac8 23. Qe1 Qc7 24. Bf4 Nc5 25. Rd6 1/2-1/2

[Event "TCh-CRO Women"]
[Site "Sibenik CRO"]
[Date "2010.09.04"]
[Round "1"]
[White "Stadler,Bri"]
[Black "Kruljac,P"]
[Result "0-1"]
[WhiteElo "2112"]
[BlackElo "2057"]
[EventDate "2010.09.04"]

1. e4 e6 2. d4 d5 3. exd5 exd5 4. Bd3 Nc6 5. c3 Bd6 6. Qf3 Nge7 7. Ne2 Be6
8. Bf4 Ng6 9. Bxd6 Qxd6 10. Qg3 O-O-O 11. Nd2 Rhe8 12. O-O-O Nce7 13. Qxd6
Rxd6 14. h4 Bf5 15. Nf3 Bxd3 16. Rxd3 Nf5 17. Rd2 h5 18. g3 Rde6 19. Kd1
Nd6 20. Nc1 Ne4 21. Re2 Rf6 22. Rxe4 dxe4 23. Ng5 Rxf2 24. Re1 e3 0-1

[Event "TCh-CRO Women"]
[Site "Sibenik CRO"]
[Date "2010.09.04"]
[Round "1"]
[White "Sargac,R"]
[Black "Ushenina,A"]
[Result "0-1"]
[WhiteElo "2192"]
[BlackElo "2466"]
[EventDate "2010.09.04"]

1. d4 Nf6 2. e3 c5 3. Bd3 cxd4 4. exd4 g6 5. f4 Bg7 6. Nf3 d5 7. O-O O-O 8.
Qe2 Bf5 9. Bxf5 gxf5 10. Nbd2 e6 11. Ne5 Qc7 12. c3 Nbd7 13. Rf3 Nb6 14.
Rh3 Nc8 15. b3 Re8 16. Bb2 Nd6 17. Kh1 Nde4 18. Nxe4 Nxe4 19. Rf1 f6 20.
Nd3 Bf8 21. Nf2 Bd6 22. Nxe4 fxe4 23. f5 e5 24. Qg4+ Kh8 25. Qh4 Qf7 26. c4
dxc4 27. bxc4 exd4 28. Bxd4 Be5 29. Qxe4 Qxc4 30. Rd3 Red8 31. Rfd1 Bxd4
32. Qh4 Qc2 33. a3 Rg8 34. R3d2 Qc6 35. Qf4 Bc3 36. Rc1 Bxd2 0-1

[Event "TCh-CRO Women"]
[Site "Sibenik CRO"]
[Date "2010.09.04"]
[Round "1"]
[White "Samanic,Verena"]
[Black "Novak,Ks"]
[Result "0-1"]
[WhiteElo "1576"]
[BlackElo "2176"]
[EventDate "2010.09.04"]

1. e4 d6 2. d4 Nf6 3. Nd2 e5 4. d5 Be7 5. Ne2 O-O 6. Ng3 c6 7. c4 cxd5 8.
cxd5 Ne8 9. Bd3 Bh4 10. Qh5 g6 11. Qf3 Na6 12. Nb3 Ng7 13. Bd2 f5 14. O-O
f4 15. Ne2 h5 16. Bc4 Bg4 17. Qd3 f3 18. Ng3 fxg2 19. Rfe1 Rf3 20. Re3 Qf6
21. Rxf3 Bxf3 22. Re1 Rf8 23. Qe3 Bxg3 24. fxg3 Bxe4 25. h4 Qf3 26. Qxf3
Bxf3 27. Bg5 Nf5 28. Kh2 Nc7 29. Nd2 Bxd5 30. Bxd5+ Nxd5 31. Kxg2 Rc8 32.
b3 Rc2 33. Kf3 Rxa2 34. Rc1 Kf7 35. Rc8 Rb2 36. g4 hxg4+ 37. Kxg4 Nde3+ 38.
Kf3 Rxd2 39. Bxe3 Rd3 40. Ke4 Rxe3+ 41. Kd5 Rxb3 42. Rc7+ Kf6 43. Rc8 Rb4
44. Rh8 Rd4+ 0-1

[Event "TCh-CRO Women"]
[Site "Sibenik CRO"]
[Date "2010.09.04"]
[Round "1"]
[White "Ascic,I"]
[Black "Berke,A"]
[Result "1/2-1/2"]
[WhiteElo "2007"]
[BlackElo "2168"]
[EventDate "2010.09.04"]

1. e4 e5 2. Nf3 d6 3. d4 exd4 4. Nxd4 Nf6 5. Nc3 Be7 6. Bc4 O-O 7. O-O Nxe4
8. Nxe4 d5 9. Bd3 dxe4 10. Bxe4 f5 11. Bf3 c5 12. Nb3 Nc6 13. Be3 Ne5 14.
Qd5+ Qxd5 15. Bxd5+ Kh8 16. Bxc5 Bxc5 17. Nxc5 f4 18. Rfe1 Nc6 19. Bxc6
bxc6 20. b4 f3 21. Re7 fxg2 22. Kxg2 Bg4 23. Rae1 Bf3+ 24. Kg3 Bd5 25. R1e3
h5 26. h4 Rf6 27. Re8+ Rxe8 28. Rxe8+ Kh7 29. Ne4 Rf5 30. Ng5+ Kg6 31. Re7
a6 32. a4 Rf8 33. a5 Bc4 34. Rc7 Bd5 35. Re7 Rb8 36. c3 Rc8 37. Kf4 Bc4 38.
Ne4 Rd8 39. Ng5 Rd2 40. Kg3 Rd1 41. Nf3 Bd5 42. Re5 Kf6 43. Re3 Rc1 44. Kf4
Rc2 45. Kg3 1/2-1/2

[Event "TCh-CRO Women"]
[Site "Sibenik CRO"]
[Date "2010.09.04"]
[Round "1"]
[White "Kanceljak,D"]
[Black "Grgic,N"]
[Result "1-0"]
[WhiteElo "1906"]
[BlackElo "1661"]
[EventDate "2010.09.04"]

1. e4 e5 2. Nf3 Nc6 3. Bb5 a6 4. Ba4 Nf6 5. d3 b5 6. Bb3 Be7 7. a4 Bb7 8.
axb5 axb5 9. Rxa8 Bxa8 10. Nc3 b4 11. Ne2 O-O 12. O-O d5 13. exd5 Nxd5 14.
Ng3 Bf6 15. Ne4 Nd4 16. Nxd4 exd4 17. Qh5 Nb6 18. Re1 Be7 19. Ng5 Bxg5 20.
Bxg5 Qd7 21. Be7 Qc6 22. c3 g6 23. Qh6 Re8 24. Bxf7+ Kh8 25. Bf6+ Qxf6 1-0

[Event "TCh-CRO Women"]
[Site "Sibenik CRO"]
[Date "2010.09.04"]
[Round "1"]
[White "Samanic,Lorena"]
[Black "Cacic,M"]
[Result "0-1"]
[WhiteElo "1703"]
[BlackElo "1634"]
[EventDate "2010.09.04"]

1. e4 e6 2. d4 d5 3. e5 c5 4. c3 Nc6 5. Nf3 Qb6 6. Na3 cxd4 7. cxd4 Bxa3 8.
bxa3 Nge7 9. Bd3 Bd7 10. Be2 Nf5 11. Be3 Nxe3 12. fxe3 Qa5+ 13. Qd2 Qxa3
14. Kf2 Qa5 15. Rab1 Qxd2 16. Nxd2 Rb8 17. Rb2 O-O 18. Rhb1 b6 19. Bb5 Rfd8
20. Rc2 Na5 21. Rc7 Bxb5 22. Rxb5 a6 23. Rb2 b5 24. Rbc2 Nc4 25. Nxc4 dxc4
26. a3 Rdc8 27. Ra7 Rb6 28. e4 f6 29. exf6 gxf6 30. Kf3 Rbc6 31. Rc3 R8c7
32. Ra8+ Kf7 33. g4 Rd7 34. Ke3 Rcd6 35. Kf4 Rxd4 36. Rxa6 Rd2 37. h4 e5+
38. Kf3 R7d3+ 39. Rxd3 Rxd3+ 40. Kf2 Rb3 41. Ra7+ Kg6 42. h5+ Kg5 43. a4
bxa4 44. Rxa4 Kxg4 45. Rxc4 Kxh5 46. Rc7 Kg6 47. Rc1 Kg5 48. Rg1+ Kf4 49.
Re1 Rb2+ 50. Kf1 Kf3 51. Kg1 Re2 52. Rf1+ Kg3 53. Rxf6 Re1+ 54. Rf1 Rxf1+
55. Kxf1 Kf3 56. Ke1 Kxe4 57. Ke2 Kd4 58. Kf2 Kd3 59. Ke1 e4 60. Kf2 Kd2
61. Kg3 e3 62. Kg4 e2 63. Kg5 e1=Q 64. Kh6 Qg3 65. Kxh7 Kd3 66. Kh6 Ke4 67.
Kh7 Kf5 68. Kh8 Kf6 69. Kh7 Qg7+ 0-1

[Event "TCh-CRO Women"]
[Site "Sibenik CRO"]
[Date "2010.09.04"]
[Round "1"]
[White "Bazaj Bockai,S"]
[Black "Jelica,M"]
[Result "1/2-1/2"]
[WhiteElo "2082"]
[BlackElo "2211"]
[EventDate "2010.09.04"]

1. e4 d6 2. d4 Nf6 3. Nc3 g6 4. Nf3 Bg7 5. Be2 O-O 6. O-O b6 7. Re1 Bb7 8.
Bd3 Nc6 9. Bg5 h6 10. Bh4 g5 11. Bg3 g4 12. d5 gxf3 13. dxc6 Bxc6 14. Qxf3
Nh7 15. Qh5 e6 16. f4 Nf6 17. Qe2 Nd7 18. e5 Nc5 19. Rab1 Qe7 20. f5 dxe5
21. Bxe5 exf5 22. Bxg7 Qxe2 23. Rxe2 Kxg7 24. Bxf5 Rfe8 25. Rbe1 Kf6 26.
Bh3 Rxe2 27. Rxe2 Rd8 28. Kf2 a5 29. g3 b5 30. Bg2 Bxg2 31. Kxg2 b4 32.
Rf2+ Kg7 33. Ne2 Rd2 34. Nf4 Rd1 35. Nh5+ Kf8 36. Kh3 Ne4 37. Re2 Ng5+ 38.
Kh4 Ne6 39. Nf4 Nd4 40. Re5 Rd2 41. c3 f5 42. Kh5 Rxh2+ 43. Kg6 Nc6 44.
Rxf5+ Ke8 45. Nd5 Rxb2 46. cxb4 axb4 47. Nxc7+ Kd7 48. Nd5 Rxa2 49. Kxh6
Ke6 50. g4 b3 51. Nf4+ Kd7 52. Nd3 Rh2+ 53. Kg5 Rh3 54. Nc5+ Kc7 55. Nxb3
Rxb3 56. Rd5 Ne7 57. Rd1 Rb5+ 58. Kf6 Nd5+ 59. Kg6 Kd6 60. g5 Ke7 61. Ra1
Rb6+ 62. Kg7 Nf4 63. Ra7+ Ke8 64. Ra8+ Kd7 65. Ra7+ Ke6 66. Rc7 Kf5 67.
Rc5+ Kg4 68. Ra5 Ne6+ 69. Kf6 Nxg5+ 70. Ke5 Re6+ 71. Kd5 1/2-1/2

[Event "TCh-CRO Women"]
[Site "Sibenik CRO"]
[Date "2010.09.04"]
[Round "1"]
[White "Djeno,S"]
[Black "Mrakovcic,K"]
[Result "1-0"]
[WhiteElo "2045"]
[BlackElo "1712"]
[EventDate "2010.09.04"]

1. e4 c5 2. Nf3 d6 3. d4 cxd4 4. Qxd4 Nc6 5. Bb5 Bd7 6. Bxc6 bxc6 7. c4 Nf6
8. Bg5 Qb6 9. Nc3 Bg4 10. Qxb6 axb6 11. Nd4 Bd7 12. f3 h6 13. Bh4 g5 14.
Bf2 Bg7 15. O-O-O O-O 16. Kb1 Rfb8 17. Nf5 Bxf5 18. exf5 Ra5 19. Rhe1 Kf8
20. g4 b5 21. cxb5 cxb5 22. Ne4 b4 23. Bd4 Rba8 24. Bxf6 Bxf6 25. Nxf6 exf6
26. Rxd6 Rxa2 27. Kc2 Rb8 28. Kb3 Ra5 29. Rxf6 Kg7 30. Rd6 h5 31. Re4 hxg4
32. fxg4 Ra1 33. Rd3 Rh1 34. Rxb4 Rxb4+ 35. Kxb4 Rxh2 36. Kc3 Rg2 37. Rd4
Kf6 38. Re4 Rg1 39. b4 Rf1 40. Kd4 Rc1 41. b5 Rb1 42. Kc5 Rc1+ 43. Kd6 Rb1
44. Kc6 Rc1+ 45. Kb7 Rb1 46. b6 Rc1 47. Kb8 Rb1 48. b7 Rb2 49. Ra4 1-0

[Event "TCh-CRO Women"]
[Site "Sibenik CRO"]
[Date "2010.09.04"]
[Round "1"]
[White "Kochetkova,J"]
[Black "Racki,B"]
[Result "1/2-1/2"]
[WhiteElo "2327"]
[BlackElo "1813"]
[EventDate "2010.09.04"]

1. e4 e5 2. Nf3 Nc6 3. Bc4 Bc5 4. c3 Nf6 5. d3 a6 6. Bb3 Ba7 7. O-O O-O 8.
h3 d6 9. Re1 h6 10. Nbd2 Ne7 11. Nf1 Ng6 12. N3h2 b5 13. Ne3 Kh8 14. Nf5
Be6 15. Ng4 Nxg4 16. Qxg4 Qf6 17. Qh5 Bxf5 18. Qxf5 Qxf5 19. exf5 Ne7 20.
f6 Ng6 21. Bd5 Rab8 22. b4 Kh7 23. fxg7 Kxg7 24. a4 Bb6 25. axb5 axb5 26.
Bc6 Ne7 27. Bf3 c6 28. Bb2 Nd5 29. Ra3 f5 30. Rb3 Rfc8 31. Rb1 Kg6 32. Bc1
Nf6 33. g3 e4 34. dxe4 Nxe4 35. Bxe4 fxe4 36. Bf4 Bc7 37. Ra3 d5 38. Bxc7
Rxc7 39. Ra6 Rf8 40. Rd1 Kg5 41. Re1 Rf6 42. Re3 Rcf7 43. Ra2 Rf3 44. Rae2
h5 45. Rxf3 Rxf3 46. Re3 Rf7 47. Kg2 Ra7 48. Kg1 Ra1+ 49. Kg2 Ra2 50. Kg1
Ra1+ 51. Kg2 Ra2 1/2-1/2

[Event "TCh-CRO Women"]
[Site "Sibenik CRO"]
[Date "2010.09.04"]
[Round "1"]
[White "Tomulic,V"]
[Black "Ostojic,K"]
[Result "1-0"]
[WhiteElo "1913"]
[BlackElo "1729"]
[EventDate "2010.09.04"]

1. e4 e5 2. Nf3 Nc6 3. Bc4 Bc5 4. d4 exd4 5. Ng5 d5 6. Bxd5 Be6 7. Nxe6
fxe6 8. Bxc6+ bxc6 9. Qh5+ Ke7 10. Qxc5+ Qd6 11. Qg5+ Kf7 12. c3 c5 13. Bf4
Qc6 14. f3 Nf6 15. O-O Rhe8 16. cxd4 cxd4 17. Rc1 Qb6 18. Rxc7+ Kg8 19.
Qxg7+ 1-0

[Event "TCh-CRO Women"]
[Site "Sibenik CRO"]
[Date "2010.09.04"]
[Round "1"]
[White "Marijan,Boni"]
[Black "Starcevic,A"]
[Result "0-1"]
[WhiteElo "1537"]
[BlackElo "1770"]
[EventDate "2010.09.04"]

1. e4 c5 2. Nf3 e6 3. d4 cxd4 4. Nxd4 a6 5. Nc3 Qc7 6. Be3 Nc6 7. g3 Nf6 8.
Bg2 Be7 9. O-O O-O 10. a3 d6 11. Nf3 Rb8 12. Qd3 b5 13. b4 Bb7 14. Bd2 Rbc8
15. Rfe1 Ng4 16. Nd4 Nge5 17. Qe3 Nc4 18. Qd3 Nxd4 19. Qxd4 Nxd2 20. Qxd2
Qxc3 21. Qxc3 Rxc3 22. Rec1 Rfc8 23. Rd1 Rxc2 24. f3 g6 25. h4 Bf6 26. Rab1
d5 27. Rf1 dxe4 28. fxe4 Bd4+ 29. Kh1 R8c3 30. Rbd1 e5 31. g4 Rg3 0-1

[Event "TCh-CRO Women"]
[Site "Sibenik CRO"]
[Date "2010.09.05"]
[Round "2"]
[White "Racki,B"]
[Black "Jelica,M"]
[Result "0-1"]
[WhiteElo "1813"]
[BlackElo "2211"]
[EventDate "2010.09.04"]

1. e4 c5 2. Nf3 d6 3. c3 Nf6 4. Bd3 Nc6 5. h3 g5 6. Bc2 g4 7. hxg4 Bxg4 8.
d3 Qd7 9. Nbd2 b5 10. a4 b4 11. Nc4 Bg7 12. Bh6 Rg8 13. Bxg7 Rxg7 14. a5 d5
15. Ne3 O-O-O 16. cxb4 dxe4 17. dxe4 Qb7 18. Qc1 Bxf3 19. gxf3 Qxb4+ 20.
Kf1 Rd2 21. Ba4 Ne5 22. Qc3 Nxf3 23. Qxb4 cxb4 24. Nf5 Nxe4 25. Rc1+ Kb8
26. Rc2 Rg5 27. Nxe7 Rxc2 28. Bxc2 Ned2+ 29. Ke2 Re5+ 30. Kd3 Rxe7 31. Rxh7
Rd7+ 32. Ke3 Ne1 33. Bf5 Nc4+ 34. Kf4 Rd2 35. Kg3 Nd6 36. Bb1 Rxb2 0-1

[Event "TCh-CRO Women"]
[Site "Sibenik CRO"]
[Date "2010.09.05"]
[Round "2"]
[White "Djeno,S"]
[Black "Tomulic,V"]
[Result "1/2-1/2"]
[WhiteElo "2045"]
[BlackElo "1913"]
[EventDate "2010.09.04"]

1. d4 d5 2. Nf3 Nf6 3. Bf4 c5 4. e3 Bg4 5. Nc3 Nc6 6. Bb5 e6 7. O-O Qb6 8.
dxc5 Bxc5 9. h3 Bxf3 10. Qxf3 a6 11. Bxc6+ Qxc6 12. Be5 Be7 13. Rfe1 O-O
14. e4 dxe4 15. Nxe4 Nxe4 16. Rxe4 Qxc2 17. Rg4 f6 18. Bc3 Bc5 19. Re1 Rad8
20. Rf1 Rd7 21. Bxf6 Rdf7 22. Qc3 Qxc3 23. Bxc3 h5 24. Rg5 Bb6 25. Be5 h4
1/2-1/2

[Event "TCh-CRO Women"]
[Site "Sibenik CRO"]
[Date "2010.09.05"]
[Round "2"]
[White "Starcevic,A"]
[Black "Detelic,M"]
[Result "1/2-1/2"]
[WhiteElo "1770"]
[BlackElo "1863"]
[EventDate "2010.09.04"]

1. d4 d5 2. Bg5 Bf5 3. e3 c6 4. Bd3 Bxd3 5. Qxd3 Nd7 6. Nf3 Ngf6 7. Nbd2 e6
8. O-O Qc7 9. c4 Be7 10. Rac1 O-O 11. a3 a5 12. c5 e5 13. dxe5 Nxe5 14. Qd4
Nxf3+ 15. Nxf3 Ne4 16. Bf4 Qd8 17. Rc2 Bf6 18. Qd3 Qe7 19. Rfc1 g5 20. Bg3
Nxg3 21. hxg3 Rfe8 22. Nd2 Rad8 23. Kh2 Qe6 24. Nb3 a4 25. Nd4 Bxd4 26.
exd4 Qe4 27. Qd2 Qf5 28. Qb4 Re7 29. Qxa4 Rde8 30. Rf1 g4 31. Rd2 Re2 32.
Rxe2 Rxe2 33. Qa8+ Kg7 34. Qxb7 Qf6 35. Qd7 h5 36. b4 Qxd4 37. Qxc6 h4 38.
Qd6 hxg3+ 39. Qxg3 Ra2 40. c6 Qc4 41. Rb1 Qxc6 42. Qxg4+ Kf8 43. Qg3 Qb6
44. Kg1 d4 45. Qd3 Qa7 46. Rb3 Ra1+ 47. Kh2 Qb6 48. Qh3 Qd6+ 49. g3 Qd5 50.
Qc8+ Ke7 51. Qc5+ Qxc5 52. bxc5 Rc1 53. Rd3 Rc4 54. Kg2 Ke6 55. Kf3 f5 56.
Ke2 Rxc5 57. Rb3 Rc2+ 58. Kf3 Ra2 59. Rb5 1/2-1/2

[Event "TCh-CRO Women"]
[Site "Sibenik CRO"]
[Date "2010.09.05"]
[Round "2"]
[White "Vasilevich,I"]
[Black "Samanic,Verena"]
[Result "1-0"]
[WhiteElo "2324"]
[BlackElo "1576"]
[EventDate "2010.09.04"]

1. e4 e5 2. f4 d6 3. Nf3 Nc6 4. Nc3 g6 5. Bb5 Bd7 6. d3 Nge7 7. fxe5 Nxe5
8. Nxe5 dxe5 9. Bc4 Bg7 10. O-O O-O 11. Bg5 Qe8 12. Qe1 c6 13. Qh4 Nc8 14.
Nd1 Nd6 15. Bb3 Be6 16. Be7 Qd7 17. Bxf8 Rxf8 18. Ne3 Nb5 19. Bxe6 Qxe6 20.
Rf2 Nd6 21. Raf1 f6 22. Ng4 f5 23. exf5 Nxf5 24. Qh3 Qe7 25. Ne3 Nd4 26.
Rxf8+ Bxf8 27. Kh1 Qg5 28. Qc8 Qe7 29. Ng4 Nxc2 30. Nh6+ Kh8 31. Rxf8+ 1-0

[Event "TCh-CRO Women"]
[Site "Sibenik CRO"]
[Date "2010.09.05"]
[Round "2"]
[White "Berke,A"]
[Black "Bazaj Bockai,S"]
[Result "1-0"]
[WhiteElo "2168"]
[BlackElo "2082"]
[EventDate "2010.09.04"]

1. e4 c5 2. Nc3 Nc6 3. f4 e6 4. Nf3 d6 5. Bc4 Nf6 6. d3 Be7 7. O-O Qc7 8.
a4 O-O 9. Bd2 b6 10. Qe1 Nb4 11. Bb3 Bb7 12. Qg3 d5 13. e5 Nh5 14. Qh3 c4
15. Nb5 Qc8 16. Ba2 g6 17. g4 Nxc2 18. gxh5 cxd3 19. hxg6 Qc5+ 20. Rf2 hxg6
21. Rc1 Kg7 22. f5 Rh8 23. f6+ Kg8 24. Qg3 Bf8 25. Ng5 d4 26. Bxe6 Rh5 27.
Bxf7+ Kh8 28. Bxg6 1-0

[Event "TCh-CRO Women"]
[Site "Sibenik CRO"]
[Date "2010.09.05"]
[Round "2"]
[White "Mrakovcic,K"]
[Black "Kanceljak,D"]
[Result "1/2-1/2"]
[WhiteElo "1712"]
[BlackElo "1906"]
[EventDate "2010.09.04"]

1. c4 Nf6 2. Nf3 e6 3. Nc3 d5 4. d4 c6 5. b3 Bb4 6. Bb2 Ne4 7. Qc2 Qa5 8.
Rc1 Qxa2 9. e3 Bxc3+ 10. Bxc3 Qxc2 11. Rxc2 Nxc3 12. Rxc3 a5 13. Bd3 Na6
14. cxd5 exd5 15. Bxa6 Rxa6 16. Ke2 a4 17. Ra1 a3 18. Rc2 b5 19. b4 f6 20.
Rca2 Ra4 21. Rb1 Bg4 22. Rb3 Kd7 23. Rbxa3 Rha8 24. Rxa4 Rxa4 25. Rb2 Kd6
26. h3 Bh5 27. g4 Bf7 28. Ne1 g5 29. f3 Bg6 30. Kf2 Ra1 31. Ng2 Bd3 32. Kg3
Rg1 1/2-1/2

[Event "TCh-CRO Women"]
[Site "Sibenik CRO"]
[Date "2010.09.05"]
[Round "2"]
[White "Voiska,M"]
[Black "Sargac,R"]
[Result "1/2-1/2"]
[WhiteElo "2314"]
[BlackElo "2192"]
[EventDate "2010.09.04"]

1. d4 e6 2. Nf3 f5 3. d5 Bd6 4. Nc3 Nf6 5. Bg5 h6 6. Bxf6 Qxf6 7. e4 Be5 8.
Nxe5 Qxe5 9. Qh5+ Ke7 10. Be2 d6 11. exf5 Qxf5 12. Qh4+ Qf6 13. Qc4 c6 14.
dxe6 Bxe6 15. Qb4 Nd7 16. O-O-O c5 17. Qe4 Qe5 18. Bf3 Qxe4 19. Bxe4 Rhf8
20. f3 Nf6 21. Bxb7 Rad8 22. Rhe1 Kf7 23. Nb5 d5 24. Nc7 Rd6 25. Nxe6 Rxe6
26. c4 d4 27. Rxe6 Kxe6 28. Bc6 Kd6 29. Ba4 Nh5 30. Rd2 g5 31. Kd1 Ng7 32.
Bc2 Ne6 33. Be4 Rb8 34. Kc2 Nc7 35. Bd3 Ne6 36. Bf5 Nf4 37. g3 Nh5 38. Rd3
Rb4 39. Ra3 Rxc4+ 40. Kd2 Rb4 41. b3 Ke5 42. Bd3 Rb7 43. Ra6 Rb6 44. Rxa7
Nf6 45. Rc7 Kd6 46. Rg7 Ke5 47. Bc4 Nd5 48. Rf7 1/2-1/2

[Event "TCh-CRO Women"]
[Site "Sibenik CRO"]
[Date "2010.09.05"]
[Round "2"]
[White "Purgar,I"]
[Black "Ascic,I"]
[Result "1-0"]
[WhiteElo "2091"]
[BlackElo "2007"]
[EventDate "2010.09.04"]

1. e4 e5 2. Nf3 Nc6 3. Bb5 Nf6 4. O-O Nxe4 5. d4 Nd6 6. Bxc6 dxc6 7. dxe5
Nf5 8. Qe2 Nd4 9. Nxd4 Qxd4 10. Rd1 Qh4 11. Be3 Qg4 12. Qd2 Be7 13. Bc5 Qe6
14. Bxe7 Qxe7 15. Qf4 O-O 16. Nd2 Be6 17. Nf3 Rad8 18. Nd4 Rd5 19. Rd3 Bc8
20. Re1 Re8 21. Rde3 Red8 22. c3 c5 23. Nf3 h6 24. h3 Be6 25. a3 Rd1 26.
Qa4 Rxe1+ 27. Rxe1 a6 28. Qf4 Qd7 29. Kh2 Qb5 30. Qc1 Rd3 31. Qc2 Bf5 32.
Qe2 Be6 33. Nd2 Qd7 34. Ne4 b6 35. Qh5 Bf5 36. Ng3 Bg6 37. Qh4 Rd2 38. Qf4
Rxb2 39. Qf3 a5 40. Rd1 Rd2 41. Rc1 Qa4 42. Nf5 Bxf5 43. Qxf5 Qd7 44. Qf3
Qd5 45. Qe3 Qd3 46. Qf4 Qd7 47. Qf3 Rd3 48. Qa8+ Qd8 49. Qc6 Qd7 50. Qa8+
Qd8 51. Qc6 Qd7 52. Qa8+ Kh7 53. Qe4+ g6 54. h4 h5 55. Qf4 Qf5 56. Qxf5
gxf5 57. a4 c4 58. g3 Kg7 59. Kg2 Kf8 60. Kf1 Ke7 61. Ke2 Ke6 62. Rc2 Kxe5
63. Ke1 c6 64. Rb2 Rxc3 65. Rxb6 Ra3 66. Rxc6 Rxa4 67. Rc5+ Ke4 68. Kd2 Kd4
69. Rxf5 c3+ 70. Kc2 Ra2+ 71. Kc1 Kd3 72. Rf3+ Ke2 73. Rxf7 Rd2 74. Rc7 c2
75. Re7+ Kxf2 76. Kxd2 Kxg3 77. Re4 1-0

[Event "TCh-CRO Women"]
[Site "Sibenik CRO"]
[Date "2010.09.05"]
[Round "2"]
[White "Grgic,N"]
[Black "Stadler,Bri"]
[Result "0-1"]
[WhiteElo "1661"]
[BlackElo "2112"]
[EventDate "2010.09.04"]

1. e4 Nf6 2. e5 Nd5 3. c4 Nb6 4. d4 d6 5. f4 dxe5 6. fxe5 Nc6 7. Be3 Bf5 8.
Nc3 e6 9. Nf3 Be7 10. d5 exd5 11. cxd5 Nb4 12. Nd4 Bg6 13. Bb5+ Kf8 14. Qf3
Kg8 15. d6 cxd6 16. exd6 Qxd6 17. Qxb7 Bh4+ 18. Kf1 h6 19. Qf3 Rd8 20. Rd1
N6d5 21. Nxd5 Nxd5 22. Bf2 Bxf2 23. Kxf2 Qc5 24. a4 Nf6 25. Qf4 Ne4+ 26.
Ke3 Kh7 27. Bc6 Rxd4 28. Rxd4 Qxc6 29. Rxe4 Bxe4 30. Qxe4+ Qxe4+ 31. Kxe4
Rb8 32. Rb1 Rb4+ 33. Kf3 Rxa4 34. b4 Kg6 35. h3 Ra2 36. b5 Kf5 37. b6 Ra3+
38. Kf2 axb6 39. Rxb6 f6 40. Rb4 h5 41. g3 g5 42. Kg2 Ra2+ 43. Kf3 g4+ 44.
hxg4+ hxg4+ 45. Rxg4 Ra3+ 0-1

[Event "TCh-CRO Women"]
[Site "Sibenik CRO"]
[Date "2010.09.05"]
[Round "2"]
[White "Medic,Mir"]
[Black "Srebrnic,A"]
[Result "1-0"]
[WhiteElo "2264"]
[BlackElo "2227"]
[EventDate "2010.09.04"]

1. d4 d6 2. Nf3 Nf6 3. g3 g6 4. Bg2 Bg7 5. c4 O-O 6. O-O c5 7. d5 Na6 8.
Nc3 Nc7 9. h3 Rb8 10. e4 e5 11. dxe6 Bxe6 12. Qe2 Nd7 13. Bg5 f6 14. Be3
Nb6 15. b3 Qe7 16. Rac1 Rbd8 17. Rfd1 Nc8 18. Ne1 Bd7 19. Nd3 Bc6 20. Nf4
Nb6 21. Rd3 f5 22. exf5 Rxf5 23. Qd2 Bxg2 24. Kxg2 g5 25. Nh5 Bxc3 26. Qxc3
d5 27. Bxc5 Qf7 28. g4 d4 29. Bxd4 Nbd5 30. cxd5 Qxd5+ 31. Kg1 Nb5 32. gxf5
Nxc3 33. Nf6+ Kf7 34. Nxd5 Ne2+ 35. Kf1 Nxc1 36. Rc3 Rxd5 37. Rc7+ Ke8 38.
Bxa7 Nxa2 39. f6 Rf5 40. Bd4 Rf4 41. Be3 Rxf6 42. Rxh7 b5 43. Bxg5 Rf3 44.
Be3 Nc3 45. h4 Nd5 46. Ke2 Rf5 47. Rg7 Nf4+ 48. Bxf4 Rxf4 49. h5 Rh4 50.
Rg5 b4 51. Ke3 Kf7 52. f3 Kf6 53. Rg4 Rxh5 54. Rxb4 Rh1 55. Rc4 Rb1 56. b4
Ke5 57. f4+ Ke6 58. Kd4 Kd6 59. Ke4 Re1+ 60. Kf5 1-0

[Event "TCh-CRO Women"]
[Site "Sibenik CRO"]
[Date "2010.09.05"]
[Round "2"]
[White "Kruljac,N"]
[Black "Solic,K"]
[Result "0-1"]
[WhiteElo "2121"]
[BlackElo "2225"]
[EventDate "2010.09.04"]

1. e4 c5 2. Nc3 d6 3. g3 Nc6 4. Bg2 g6 5. f4 Bg7 6. Nf3 e6 7. O-O Nge7 8.
d3 O-O 9. Be3 b6 10. d4 Ba6 11. Rf2 Na5 12. b3 Rc8 13. Ne2 Bb7 14. Nh4 f5
15. exf5 Nxf5 16. Nxf5 exf5 17. Bxb7 Nxb7 18. Qd3 d5 19. Re1 c4 20. Qd2 b5
21. b4 Re8 22. Nc3 Nd6 23. Rfe2 Ne4 24. Nxe4 Rxe4 25. Bf2 c3 26. Qd1 Rc4
27. a3 Bxd4 28. Bxd4 Rcxd4 29. Qxd4 Rxd4 30. Re8+ Qxe8 31. Rxe8+ Kf7 32.
Rc8 Rd1+ 33. Kf2 d4 34. Ke2 Rd2+ 35. Ke1 Rxc2 36. Kd1 Rxh2 37. Rc5 Ke6 38.
Rxb5 d3 39. Re5+ Kd6 0-1

[Event "TCh-CRO Women"]
[Site "Sibenik CRO"]
[Date "2010.09.05"]
[Round "2"]
[White "Kruljac,P"]
[Black "Lisac,T"]
[Result "1-0"]
[WhiteElo "2057"]
[BlackElo "1761"]
[EventDate "2010.09.04"]

1. d4 Nf6 2. c4 e6 3. Nc3 d5 4. cxd5 exd5 5. Bg5 Be7 6. Qc2 c6 7. e3 Nbd7
8. Bd3 Nf8 9. Nf3 Ng6 10. h3 O-O 11. O-O Re8 12. Rab1 Ne4 13. Bxe7 Qxe7 14.
b4 a6 15. a4 Nh4 16. Nxh4 Qxh4 17. Bxe4 dxe4 18. Ne2 Bd7 19. Qc5 Rad8 20.
Ng3 Qe7 21. Qb6 Bc8 22. b5 cxb5 23. axb5 g6 24. Rfc1 Qd6 25. Qa5 Qe6 26.
Qa3 Rd5 27. bxa6 bxa6 28. Rb8 Bd7 29. Rb7 Bb5 30. Rcc7 Rd7 31. Qc5 Rxc7 32.
Rxc7 Bd3 33. d5 Qe5 34. Rc8 Kg7 35. Rxe8 Qxe8 36. d6 Qe6 37. Qd4+ 1-0

[Event "TCh-CRO Women"]
[Site "Sibenik CRO"]
[Date "2010.09.06"]
[Round "3"]
[White "Ascic,I"]
[Black "Kruljac,N"]
[Result "1/2-1/2"]
[WhiteElo "2007"]
[BlackElo "2121"]
[EventDate "2010.09.04"]

1. e4 e5 2. Nf3 Nc6 3. Bb5 a6 4. Ba4 Nf6 5. O-O Nxe4 6. d4 b5 7. Bb3 d5 8.
dxe5 Be6 9. c3 Bc5 10. Bc2 O-O 11. Nbd2 Bf5 12. Nb3 Bg6 13. Nfd4 Bxd4 14.
cxd4 a5 15. Be3 a4 16. Nd2 a3 17. Nxe4 axb2 18. Rb1 Bxe4 19. Rxb2 f6 20.
Bxe4 dxe4 21. exf6 Qxf6 22. Rxb5 Qf7 23. Qb3 Qxb3 24. axb3 Rfd8 25. Rd1
Nxd4 26. Bxd4 Rxd4 27. Rf1 Rd2 28. Re5 Re2 29. Rc5 Raa2 30. Rc3 Rab2 31. b4
c6 32. h3 g6 33. g4 Rxb4 34. Rxc6 Rb3 35. Kg2 Kg7 36. g5 h6 37. Rc7+ Kh8
38. gxh6 e3 39. Kf3 Rxf2+ 40. Rxf2 exf2+ 41. Kxf2 Rxh3 42. h7 Rxh7 43.
Rxh7+ Kxh7 1/2-1/2

[Event "TCh-CRO Women"]
[Site "Sibenik CRO"]
[Date "2010.09.06"]
[Round "3"]
[White "Lisac,T"]
[Black "Grgic,N"]
[Result "0-1"]
[WhiteElo "1761"]
[BlackElo "1661"]
[EventDate "2010.09.04"]

1. e4 e5 2. Nf3 Nc6 3. d4 exd4 4. Nxd4 Bc5 5. Be3 Qf6 6. c3 Nge7 7. Bc4 b6
8. O-O Bb7 9. Nb5 Rc8 10. Bxc5 bxc5 11. Bd5 a6 12. N5a3 Nxd5 13. exd5 Ne7
14. Re1 O-O 15. Nc4 Bxd5 16. Ne5 Qg5 17. Nf3 Bxf3 18. Qxf3 Ng6 19. Na3 d5
20. Rad1 c6 21. Nc2 Rfe8 22. Ne3 Qf4 23. Qh3 h6 24. g3 Qf3 25. Qf1 Rb8 26.
b3 Ra8 27. Qh3 a5 28. Qf5 Rxe3 0-1